000 00279nam a2200097Ia 4500
082 _aJ 611.71 BALL
245 0 _aBones : injury, illness, and health
100 _a BALLARD, Carol Chicago, Ill., [c.2009]
_995133
942 _cBK
008 210817s9999 xx 000 0 und d
999 _c393298
_d393297